| 000 | 00555nam a2200193 i 4500 | ||
|---|---|---|---|
| 001 | bgj | ||
| 100 | 1 | _aDOCKHORN, Klaus | |
| 245 | 1 | 0 |
_aMacht und Wirkung der Rhetorik : _bVier Aufsätze zur Ideengeschichte der Vormoderne / _cKlaus Dockhorn. |
| 260 |
_aBerlin : _bVerlag Gehlen, _cc. 1968. |
||
| 300 |
_a130 S. ; _c22 cm. |
||
| 490 | 1 |
_aRespublica Literaria ; _vBand 2 |
|
| 505 | _aRegister. | ||
| 650 | 9 | _aRhetorik | |
| 830 | _aRespublica Literaria ; | ||
| 040 | _cBPK | ||
| 041 | 0 | _ager | |
| 942 | _cKS | ||
| 008 | s gw f |000 0 ger | ||
| 999 |
_c50335 _d50335 |
||
| 856 |
_uhttp://koha.tu.koszalin.pl/cgi-bin/koha/opac-detail.pl?biblionumber=50335 _yKatalog online BPK |
||